01322nam0a2200277 4500001002000000005001700020020001700037021002000054035002600074100004100100101000800141102000700149105001800156200055500174210002300729215001500752320004400767675002400811686002000835686001700855686002100872700007400893801002800967801002200995801002701017RU\NLR\bibl\116339420241119163152.0 aRUb07-13946 aRUb2007-8699а a(NLR Aleph) 001150125 a20070718d2007 u u0rusy50 ca0 arus aRU ay dm |||||1 aМакроэкономические инструменты реализации государственной региональной политикиe(на примере бюджетной системы)eавтореф. дис. на соиск. учен. степ. канд. экон. наукeспециальность 08.00.05 <Экономика и упр. нар. хоз-вом>fВаксова Екатерина Евгеньевнаg[Ин-т мировой экономики и междунар. отношений РАН] aМоскваd2007 a26 с.d21 aБиблиогр.: с. 26 (9 назв.) a331.101.541v3zrus a06.712rugasnti a65.242rubbk a08.00.052oksvnk 1aВаксоваbЕ. В.gЕкатерина Евгеньевна4070 0aRUbRKPc20070718gPSBO 1aRUbRKPc20070718 2aRUbNLRc20071205grcr